000 00853nam a2200241 i 4500
001 189284
003 SpMaBN
005 20240520123919.0
008 190521s1968 sp |||| | spa d
080 _a227.1.017
100 1 _aRey, Bernard.
_996488
245 1 0 _aCreados en Cristo Jesús
_b: la nueva creación según San Pablo /
_cBernard Rey ; prólogo de Pierre Benoit ; [traducción por Luis Gago Fernández].
260 _aMadrid :
_bFax,
_c[1968]
300 _a324 p. ;
_c23 cm.
490 1 _aActualidad bíblica ;
_v10
500 _aÍndices.
630 0 7 _aBiblia.
_pN.T.
_pEpístolas de Pablo-
_xCrítica e interpretación.
_9167065
700 0 _aBenoit, Pierre,
_d1886-1962
_927757
700 1 _aGago Fernández, Luis.
_953237
830 0 _aActualidad bíblica ;
_v10
_9193281
852 _aES-MaACL
_jJ-9(10)
999 _c189284
_d189284